| 000 | 00615nam a22001817a 4500 | ||
|---|---|---|---|
| 999 |
_c14902 _d14902 |
||
| 003 | OSt | ||
| 082 | _2631.75807 ARJ/NA | ||
| 088 | _aP 386 | ||
| 100 |
_aARJUN P _aARYA S. ANAND _aATHIRA K _93964 |
||
| 245 | _aNatural Resource Mapping of KCAET Campus | ||
| 260 |
_aTavanur 2017 _bDepartment of Land and Water Resources & Conservation Engineering |
||
| 300 | _a80 | ||
| 500 | _aNatural Resource Mapping of KCAET Campus | ||
| 520 | _aNatural Resource Mapping of KCAET Campus | ||
| 700 |
_aDr. Sathian K.K (Guide) _93449 |
||
| 856 | _uhttps://drive.google.com/open?id=16LxMzltbQ43S8Mao0Pro_XPCs-y2N_DB | ||
| 942 | _cPR | ||